[Event "DEM U18w 2016"]
[Site "Willingen GER"]
[Date "2016.05.15"]
[Round "2"]
[White "Zahn, Alina"]
[Black "Bork, Sophie"]
[Result "1/2-1/2"]
[Termination "normal"]
[Board "8"]
[WhiteTitle "WFM"]
[WhiteElo "2116"]
[BlackElo "1735"]
[PlyCount "266"]
[WhiteFideId "24696730"]
[BlackFideId "12905429"]
[EventCountry "GER"]
[EventRounds "9"]
[EventType "swiss"]
[EventDate "2016.05.14"]

1. e4 e5 2. Nf3 Nc6 3. Bc4 Bc5 4. c3 Nf6 5. d3 O-O 6. b4 Be7 7. Qb3 a5 8. b5 a4
9. Qc2 Na5 10. Nbd2 Nxc4 11. Nxc4 d6 12. O-O Nh5 13. Ne3 Nf4 14. d4 exd4 15.
cxd4 Bd7 16. Rb1 Ne6 17. Nd5 Re8 18. Nxe7+ Qxe7 19. Re1 Qf6 20. Be3 Qe7 21. d5
Nc5 22. e5 Qf8 23. b6 g6 24. e6 fxe6 25. Bxc5 dxc5 26. Ne5 Bc8 27. Re3 exd5 28.
Qd3 d4 29. Rf3 Qg7 30. Qc4+ Be6 31. Qxc5 Bxa2 32. Re1 cxb6 33. Qxd4 Ra5 34.
Rfe3 Rd5 35. Qxa4 Rdxe5 36. Rxe5 Rxe5 37. Qxa2+ Kf8 38. Qa8+ Kf7 39. Qxb7+ Ke6
40. Qxb6+ Kf5 41. Qb1+ Ke6 42. Qb6+ Ke7 43. Qb7+ Ke6 44. Qc8+ Ke7 45. Qc7+ Ke6
46. Qc6+ Kf5 47. Qf3+ Ke6 48. Qg4+ Ke7 49. Rd1 Rf5 50. Qb4+ Kf6 51. h4 Qa7 52.
Qd6+ Kg7 53. Qd2 Qe7 54. g3 Qa7 55. Qc3+ Kf7 56. Rd2 Kg8 57. Qc6 Qa1+ 58. Kg2
Rf7 59. Qd5 Qa7 60. Qe5 Qb7+ 61. Kh2 Qb6 62. Qe2 Kg7 63. Rc2 Qb7 64. Qe5+ Kg8
65. Rb2 Qc6 66. Qd4 Rf8 67. Qe3 Qf6 68. Re2 Qf7 69. Kg1 Qb7 70. Qd3 Ra8 71.
Qc4+ Qf7 72. Qxf7+ Kxf7 73. Rb2 h5 74. Rb6 Ra1+ 75. Kg2 Ra5 76. Rc6 Rb5 77. Ra6
Rc5 78. Ra4 Rb5 79. g4 hxg4 80. Rxg4 Ra5 81. Kg3 Kf6 82. Rf4+ Kg7 83. Kg4 Rb5
84. Ra4 Kf6 85. Ra6+ Kg7 86. Rc6 Kf7 87. Rc7+ Kf6 88. Rc6+ Kg7 89. f3 Kf7 90.
Rc7+ Kf6 91. Rc8 Kg7 92. Rc4 Kf6 93. Re4 Ra5 94. Re8 Kg7 95. Re6 Kf7 96. Rb6
Kg7 97. Rc6 Rb5 98. f4 Ra5 99. Re6 Ra1 100. Re3 Kf6 101. Rb3 Ra5 102. Rb6+ Kg7
103. Re6 Ra1 104. Re3 Kf6 105. Rb3 Ra5 106. Rb6+ Kg7 107. Kf3 Rc5 108. Re6 Rh5
109. Kg4 Ra5 110. Re5 Ra1 111. h5 gxh5+ 112. Kxh5 Kf6 113. Kg4 Rg1+ 114. Kf3
Rf1+ 115. Kg3 Rg1+ 116. Kf2 Rg4 117. Kf3 Rg1 118. Ra5 Rf1+ 119. Kg3 Kg6 120.
Kg4 Rg1+ 121. Kf3 Rf1+ 122. Ke4 Re1+ 123. Kd3 Rf1 124. Ke3 Kf6 125. Ke4 Re1+
126. Kf3 Rf1+ 127. Ke3 Ke6 128. Ke4 Re1+ 129. Kf3 Kf6 130. Ra6+ Kf5 131. Ra5+
Kf6 132. Ra6+ Kf5 133. Ra5+ Kf6 1/2-1/2

[Event "DEM U18w 2016"]
[Site "Willingen GER"]
[Date "2016.05.15"]
[Round "2"]
[White "Döpper, Anna Bérénice"]
[Black "Graf, Pia"]
[Result "0-1"]
[Termination "normal"]
[Board "9"]
[WhiteElo "1821"]
[BlackElo "1744"]
[PlyCount "40"]
[WhiteFideId "1271853"]
[BlackFideId "12917737"]
[EventCountry "GER"]
[EventRounds "9"]
[EventType "swiss"]
[EventDate "2016.05.14"]

1. a3 e6 2. e4 d5 3. exd5 exd5 4. d4 Nf6 5. Nf3 Be7 6. Bd3 O-O 7. O-O Bg4 8.
Nbd2 c5 9. dxc5 Bxc5 10. b4 Bb6 11. Bb2 Nbd7 12. h3 Bh5 13. g4 Bg6 14. Bxg6
fxg6 15. Nb3 Qc7 16. g5 Nh5 17. Qxd5+ Kh8 18. c4 Nf4 19. Be5 Nxe5 20. Nxe5 Nxd5
0-1

[Event "DEM U18w 2016"]
[Site "Willingen GER"]
[Date "2016.05.15"]
[Round "2"]
[White "Möller, Hannah"]
[Black "Krastina, Alma"]
[Result "1-0"]
[Termination "normal"]
[Board "10"]
[WhiteElo "1735"]
[BlackElo "1631"]
[PlyCount "97"]
[WhiteFideId "1270514"]
[BlackFideId "16222105"]
[EventCountry "GER"]
[EventRounds "9"]
[EventType "swiss"]
[EventDate "2016.05.14"]

1. Nf3 Nf6 2. g3 g6 3. Bg2 Bg7 4. O-O O-O 5. c4 d6 6. d4 Nc6 7. Nc3 e5 8. Bg5
h6 9. dxe5 dxe5 10. Be3 Be6 11. Qc1 g5 12. Rd1 Qe7 13. Nd5 Bxd5 14. cxd5 Nd4
15. Nxd4 exd4 16. Rxd4 Qd7 17. Rd1 Ng4 18. Bd4 Bxd4 19. Rxd4 Qf5 20. f3 Nf6 21.
e4 Qe5 22. Rc4 Rac8 23. Bh3 g4 24. fxg4 b5 25. Rc6 Nxe4 26. g5 Qd4+ 27. Kg2
Qf2+ 28. Kh1 hxg5 29. Rc2 Qf3+ 30. Bg2 Qf5 31. Rxc7 Rxc7 32. Qxc7 Nf2+ 33. Kg1
Nd3 34. Rf1 Qg4 35. Qxa7 Nxb2 36. d6 Nc4 37. d7 Ne5 38. Qc5 Nxd7 39. Qxb5 Qd4+
40. Kh1 Ne5 41. a4 Ng4 42. Qxg5+ Kh8 43. Qf4 Qg7 44. a5 f5 45. a6 Qa7 46. Qd6
Rg8 47. h3 Ne3 48. Qh6+ Qh7 49. Qxe3 1-0

[Event "DEM U18w 2016"]
[Site "Willingen GER"]
[Date "2016.05.15"]
[Round "2"]
[White "Rösler, Hannah"]
[Black "Schulz, Theresa Charlotte"]
[Result "0-1"]
[Termination "normal"]
[Board "11"]
[WhiteElo "1400"]
[BlackElo "1687"]
[PlyCount "90"]
[WhiteFideId "12983500"]
[BlackFideId "12952206"]
[EventCountry "GER"]
[EventRounds "9"]
[EventType "swiss"]
[EventDate "2016.05.14"]

1. e4 c5 2. d4 cxd4 3. c3 dxc3 4. Nxc3 Nc6 5. Nf3 g6 6. Bc4 Bg7 7. O-O Nf6 8.
Qe2 Qc7 9. Nb5 Qb8 10. g3 a6 11. Bf4 e5 12. Nxe5 Nxe5 13. Na3 d6 14. Bb3 O-O
15. Bd2 b5 16. Rac1 b4 17. Nc2 a5 18. f4 Ba6 19. Qd1 Bxf1 20. fxe5 Nxe4 21.
Kxf1 Qb5+ 22. Ke1 Bxe5 23. Ne3 Rac8 24. Bc4 Qd7 25. Nd5 Nxd2 26. Kxd2 Qa7 27.
Qf3 Qd4+ 28. Bd3 Qxb2+ 29. Bc2 Qd4+ 30. Ke1 Qg1+ 31. Qf1 Qxf1+ 32. Kxf1 Rc5 33.
Ne3 Rfc8 34. Ke2 Bd4 35. h4 Bxe3 36. Kxe3 Rxc2 37. Ra1 Rg2 38. Rd1 Rxa2 39.
Rxd6 b3 40. h5 b2 41. hxg6 b1=Q 42. gxf7+ Kf8 43. g4 Ra4 44. g5 Rc3+ 45. Ke2
Ra2+ 0-1

[Event "DEM U18w 2016"]
[Site "Willingen GER"]
[Date "2016.05.15"]
[Round "2"]
[White "Klenk, Sofie"]
[Black "Shirov-Michna, Masza"]
[Result "0-1"]
[Termination "time forfeit"]
[Board "12"]
[WhiteElo "1810"]
[BlackElo "1320"]
[PlyCount "152"]
[WhiteFideId "12996653"]
[BlackFideId "12921998"]
[EventCountry "GER"]
[EventRounds "9"]
[EventType "swiss"]
[EventDate "2016.05.14"]

1. e4 e6 2. d4 d5 3. Nc3 dxe4 4. Nxe4 Be7 5. Nf3 Nf6 6. Bd3 O-O 7. O-O b6 8.
Nxf6+ Bxf6 9. Be4 c6 10. Qd3 g6 11. Bf4 Bb7 12. Ne5 Bxe5 13. Bxe5 Nd7 14. Bf4
f5 15. Bf3 Qf6 16. Rfe1 Rfe8 17. Qd2 e5 18. Bg5 Qd6 19. Qc3 exd4 20. Qc4+ Kg7
21. Re2 Ne5 22. Qb3 Nxf3+ 23. Qxf3 Ba6 24. Rd2 Qe6 25. h4 h6 26. Bf4 Qf6 27.
Bg3 Re4 28. Qa3 Bb7 29. f3 Re3 30. Qa4 c5 31. Bf2 Re7 32. Re1 Rxe1+ 33. Bxe1
Bc6 34. Qa6 Qf7 35. Re2 Qd7 36. Re5 Kf6 37. Bg3 g5 38. Qe2 f4 39. hxg5+ hxg5
40. Bh2 Qd6 41. Bxf4 gxf4 42. Rh5 Kg6 43. Rh4 Re8 44. Qd3+ Kf7 45. Rh7+ Kg8 46.
Qf5 Re7 47. Rh4 Qd5 48. Qf6 Rg7 49. Rxf4 Rf7 50. Qg6+ Kf8 51. Rxf7+ Qxf7 52.
Qxc6 Qxa2 53. f4 Qxb2 54. f5 Qc1+ 55. Kh2 Qf4+ 56. g3 Qxf5 57. Qd6+ Kg7 58.
Qc7+ Qf7 59. Qe5+ Kg6 60. Qe4+ Kg5 61. Qh4+ Kf5 62. Qf4+ Ke6 63. Qe4+ Kd6 64.
Kg1 a5 65. Qa8 c4 66. Qd8+ Kc5 67. Qg5+ Qd5 68. Qe7+ Kb5 69. Qe8+ Kb4 70. Qe7+
Kc3 71. Qe1+ Kxc2 72. Qe2+ Kb3 73. Qd1+ Kb4 74. g4 c3 75. Qc1 a4 76. g5 d3 0-1

[Event "DEM U18w 2016"]
[Site "Willingen GER"]
[Date "2016.05.15"]
[Round "2"]
[White "Holschuh, Paulina"]
[Black "Silber, Stefanie"]
[Result "0-1"]
[Termination "normal"]
[Board "13"]
[WhiteElo "1042"]
[BlackElo "1599"]
[PlyCount "66"]
[WhiteFideId "16208552"]
[BlackFideId "12918245"]
[EventCountry "GER"]
[EventRounds "9"]
[EventType "swiss"]
[EventDate "2016.05.14"]

1. e4 c6 2. d4 d5 3. Nc3 dxe4 4. Nxe4 Bf5 5. Ng3 Bg6 6. h4 h6 7. h5 Bh7 8. Nf3
Nd7 9. Bd3 Bxd3 10. Qxd3 Ngf6 11. Bd2 e6 12. O-O-O Bd6 13. Ne4 Be7 14. Kb1 Qc7
15. g3 Nxe4 16. Qxe4 Nf6 17. Qd3 O-O 18. Ne5 Rfd8 19. g4 c5 20. c3 Qxe5 21.
dxe5 Rxd3 22. exf6 Bxf6 23. Rhg1 Rad8 24. Kc2 c4 25. f4 Be7 26. g5 Bc5 27. Rg2
Kh7 28. g6+ Kg8 29. Re2 Rh3 30. Re5 Rd5 31. Re4 b5 32. b3 cxb3+ 33. axb3 Rhxh5
0-1

[Event "DEM U18w 2016"]
[Site "Willingen GER"]
[Date "2016.05.16"]
[Round "3"]
[White "Böhm, Jana"]
[Black "Wiesner, Paula"]
[Result "1/2-1/2"]
[Termination "normal"]
[Board "1"]
[WhiteElo "1927"]
[BlackElo "2116"]
[WhiteClock "00:25:40"]
[BlackClock "00:43:36"]
[PlyCount "85"]
[WhiteFideId "24661589"]
[BlackFideId "24654019"]
[EventCountry "GER"]
[EventRounds "9"]
[EventType "swiss"]
[EventDate "2016.05.14"]

1. e4 e6 2. d4 d5 3. Nd2 Nf6 4. e5 Nfd7 5. Bd3 c5 6. c3 Nc6 7. Ne2 cxd4 8. cxd4
f6 9. Nf4 Nxd4 10. Qh5+ Ke7 11. exf6+ Nxf6 12. Ng6+ hxg6 13. Qxh8 Kf7 14. Qh4
e5 15. Nf3 Nxf3+ 16. gxf3 Bf5 17. Bxf5 gxf5 18. Bg5 Rc8 19. Qa4 Qb6 20. O-O Rc4
21. Qd1 Rd4 22. Qc2 f4 23. Bxf6 Kxf6 24. Kh1 Rc4 25. Qh7 Qc5 26. Qh4+ Ke6 27.
Rg1 Rc2 28. Rg6+ Kd7 29. Rag1 Qxf2 30. Qh3+ Kc7 31. R6g2 Qc5 32. Qf5 Rxg2 33.
Rxg2 Qc1+ 34. Rg1 Qe3 35. Qf7+ Kc6 36. Qe8+ Kc7 37. Qf7+ Kc6 38. Qe6+ Bd6 39.
Qc8+ Kb6 40. Qd8+ Kc6 41. Qc8+ Kb6 42. Qd8+ Kc6 43. Qc8+ 1/2-1/2

[Event "DEM U18w 2016"]
[Site "Willingen GER"]
[Date "2016.05.16"]
[Round "3"]
[White "Hund, Sarah"]
[Black "Rosmait, Emily"]
[Result "0-1"]
[Termination "normal"]
[Board "2"]
[WhiteElo "1951"]
[BlackElo "1915"]
[WhiteClock "00:11:27"]
[BlackClock "00:05:59"]
[PlyCount "106"]
[WhiteFideId "12923338"]
[BlackFideId "12937754"]
[EventCountry "GER"]
[EventRounds "9"]
[EventType "swiss"]
[EventDate "2016.05.14"]

1. e4 e6 2. d4 d5 3. Nd2 dxe4 4. Nxe4 Bd7 5. Nf3 Bc6 6. Bd3 Nd7 7. O-O Ngf6 8.
Ng3 Be7 9. c4 Bxf3 10. Qxf3 c6 11. b3 O-O 12. Rd1 Re8 13. Bf4 Nf8 14. Rd2 Ng6
15. Be5 Qa5 16. Qe2 Bb4 17. Rdd1 Bc3 18. Rac1 Nxe5 19. b4 Nf3+ 20. Qxf3 Bxb4
21. Rb1 Rab8 22. Rb3 Be7 23. Bb1 Red8 24. h4 Qa4 25. Qe2 Rd7 26. Qc2 Rbd8 27.
Qb2 b6 28. Bd3 c5 29. Ne2 Qc6 30. Bb1 cxd4 31. Qc2 Bc5 32. Rf3 e5 33. Ng3 g6
34. h5 Re8 35. hxg6 hxg6 36. Re1 Rde7 37. Qe2 Kg7 38. Ne4 Nh5 39. g3 Bb4 40.
Rd1 Rc7 41. Ng5 f6 42. Nh3 e4 43. Rb3 d3 44. Qb2 Bc5 45. Kh2 Qe6 46. Qd2 Rh8
47. Kg2 Rd7 48. Re1 Qc6 49. Kh2 Kf7 50. Rh1 Ng7 51. Kg1 Nf5 52. Qf4 Rdd8 53.
Ng5+ fxg5 0-1

[Event "DEM U18w 2016"]
[Site "Willingen GER"]
[Date "2016.05.16"]
[Round "3"]
[White "Morio, Estelle"]
[Black "Poetsch, Leonore"]
[Result "1-0"]
[Termination "normal"]
[Board "3"]
[WhiteElo "1801"]
[BlackElo "1829"]
[WhiteClock "00:15:50"]
[BlackClock "00:10:13"]
[PlyCount "75"]
[WhiteFideId "12951951"]
[BlackFideId "12940372"]
[EventCountry "GER"]
[EventRounds "9"]
[EventType "swiss"]
[EventDate "2016.05.14"]

1. f4 d5 2. b3 b6 3. Bb2 Bb7 4. Nf3 e6 5. e3 Nf6 6. Be2 Be7 7. O-O O-O 8. Qe1
Nbd7 9. d3 c5 10. Nbd2 Rc8 11. Rc1 b5 12. c4 a6 13. Ne5 Nxe5 14. fxe5 Nd7 15.
d4 Qb6 16. Ba1 f5 17. Qg3 Qa5 18. Rc2 Bc6 19. Nf3 dxc4 20. bxc4 Be4 21. Rb2 b4
22. Nd2 Bb7 23. Nb3 Qc7 24. Rd2 cxd4 25. exd4 Nb6 26. Rc2 Nd5 27. Rcc1 Nb6 28.
d5 Bc5+ 29. Kh1 Qd7 30. Nxc5 Rxc5 31. Bd4 Na4 32. Bxc5 Nxc5 33. d6 Ne4 34. Qe3
a5 35. Qb6 Ra8 36. c5 Bc6 37. Bc4 Kf7 38. Rxf5+ 1-0

[Event "DEM U18w 2016"]
[Site "Willingen GER"]
[Date "2016.05.16"]
[Round "3"]
[White "Weis, Olga"]
[Black "Zahn, Alina"]
[Result "1/2-1/2"]
[Termination "normal"]
[Board "4"]
[BlackTitle "WFM"]
[WhiteElo "1902"]
[BlackElo "2116"]
[WhiteClock "00:21:50"]
[BlackClock "00:31:06"]
[PlyCount "43"]
[WhiteFideId "1270234"]
[BlackFideId "24696730"]
[EventCountry "GER"]
[EventRounds "9"]
[EventType "swiss"]
[EventDate "2016.05.14"]

1. d4 d5 2. c4 e6 3. Nf3 Nf6 4. g3 Be7 5. Bg2 O-O 6. Nbd2 a6 7. O-O dxc4 8.
Nxc4 Nbd7 9. b3 c5 10. Bb2 Rb8 11. a4 b5 12. axb5 Rxb5 13. Nfe5 Nxe5 14. Nxe5
Qb6 15. dxc5 Bxc5 16. Nc4 Qd8 17. Qc2 Qe7 18. Bc6 Rb8 19. Be5 Rb4 20. Bc3 Rb8
21. Be5 Rb4 22. Bc3 1/2-1/2

[Event "DEM U18w 2016"]
[Site "Willingen GER"]
[Date "2016.05.16"]
[Round "3"]
[White "Brandl, Lea Maria"]
[Black "Möller, Hannah"]
[Result "1/2-1/2"]
[Termination "normal"]
[Board "5"]
[WhiteElo "1927"]
[BlackElo "1735"]
[WhiteClock "00:00:36"]
[BlackClock "00:36:09"]
[PlyCount "65"]
[WhiteFideId "24693049"]
[BlackFideId "1270514"]
[EventCountry "GER"]
[EventRounds "9"]
[EventType "swiss"]
[EventDate "2016.05.14"]

1. d4 Nf6 2. c4 g6 3. Nc3 Bg7 4. e4 d6 5. Nf3 O-O 6. Be2 Nbd7 7. O-O c5 8. d5
b5 9. cxb5 a6 10. bxa6 Bxa6 11. Bxa6 Rxa6 12. Qe2 Qa8 13. Nd2 Rb8 14. Nc4 Nb6
15. Nxb6 Raxb6 16. f4 Nd7 17. Rf3 Qa5 18. Rh3 R6b7 19. Qg4 Qb4 20. Qf3 Nb6 21.
f5 Na4 22. a3 Qa5 23. Nxa4 Qxa4 24. Bh6 Qd4+ 25. Be3 Qxb2 26. Rf1 Rf8 27. Qg4
Bd4 28. fxg6 hxg6 29. Bxd4 Qxd4+ 30. Kh1 Qc4 31. Rg1 Rb3 32. g3 Re3 33. Rh4
1/2-1/2

[Event "DEM U18w 2016"]
[Site "Willingen GER"]
[Date "2016.05.16"]
[Round "3"]
[White "Schulz, Theresa Charlotte"]
[Black "Stallknecht, Britta"]
[Result "1/2-1/2"]
[Termination "normal"]
[Board "6"]
[WhiteElo "1687"]
[BlackElo "1769"]
[WhiteClock "00:01:35"]
[BlackClock "00:01:56"]
[PlyCount "73"]
[WhiteFideId "12952206"]
[BlackFideId "12987050"]
[EventCountry "GER"]
[EventRounds "9"]
[EventType "swiss"]
[EventDate "2016.05.14"]

1. e4 d5 2. exd5 Qxd5 3. Nc3 Qa5 4. d4 c6 5. Nf3 Nf6 6. Bc4 Bf5 7. Bd2 e6 8.
O-O Qd8 9. Re1 Be7 10. Bb3 O-O 11. Qe2 Re8 12. Ne5 Qxd4 13. Rad1 Bg4 14. Nxg4
Qxg4 15. f3 Qh5 16. Bf4 Nbd7 17. Ne4 Nxe4 18. Rxd7 Nc5 19. g4 Qg6 20. Rxe7 Rxe7
21. Bd6 Nxb3 22. Bxe7 Nd4 23. Qf2 Nf5 24. Bb4 b6 25. Rd1 c5 26. Bc3 Ne7 27. Rd7
Nd5 28. Qd2 h6 29. Be5 h5 30. h3 hxg4 31. hxg4 b5 32. Qf2 Qg5 33. Qe1 c4 34.
Bd4 a6 35. c3 Qf4 36. Kg2 Qb8 37. Qe5 1/2-1/2

[Event "DEM U18w 2016"]
[Site "Willingen GER"]
[Date "2016.05.16"]
[Round "3"]
[White "Silber, Stefanie"]
[Black "Schumann, Rabea"]
[Result "1/2-1/2"]
[Termination "normal"]
[Board "7"]
[WhiteElo "1599"]
[BlackElo "1878"]
[PlyCount "107"]
[WhiteFideId "12918245"]
[BlackFideId "12918199"]
[EventCountry "GER"]
[EventRounds "9"]
[EventType "swiss"]
[EventDate "2016.05.14"]

1. e4 c5 2. Nf3 Nc6 3. d4 cxd4 4. Nxd4 g6 5. c4 Nf6 6. Nc3 d6 7. Be2 Nxd4 8.
Qxd4 Bg7 9. Qd1 O-O 10. Be3 Be6 11. f3 Qa5 12. O-O Rfc8 13. Qb3 Kf8 14. Rac1
Rab8 15. Qb5 Qxb5 16. Nxb5 a6 17. Nd4 Bd7 18. b4 b5 19. a3 bxc4 20. Rxc4 Rxc4
21. Bxc4 Bb5 22. Rc1 Bxc4 23. Rxc4 Ke8 24. Rc7 Ra8 25. Nc6 Nd7 26. Kf2 Bf6 27.
f4 h6 28. Ke2 g5 29. g3 gxf4 30. gxf4 e6 31. Kd3 Bd8 32. Nxd8 Kxd8 33. Rc6 Ke7
34. a4 f5 35. exf5 exf5 36. Bf2 h5 37. Kc4 Ke6 38. Bc5 Nxc5 39. bxc5 Rb8 40.
Rxd6+ Ke7 41. Rb6 Rg8 42. Rxa6 Rg2 43. Kd5 Rxh2 44. Ke5 Rc2 45. Re6+ Kf7 46.
Kxf5 Rxc5+ 47. Re5 Rc1 48. Kg5 Rh1 49. a5 Rh2 50. Kh6 Rh4 51. a6 Rxf4 52. Kxh5
Ra4 53. Rf5+ Ke7 54. Re5+ 1/2-1/2

[Event "DEM U18w 2016"]
[Site "Willingen GER"]
[Date "2016.05.16"]
[Round "3"]
[White "Gaßmann, Linda"]
[Black "Graf, Pia"]
[Result "1-0"]
[Termination "normal"]
[Board "8"]
[WhiteElo "1816"]
[BlackElo "1744"]
[PlyCount "71"]
[WhiteFideId "12900451"]
[BlackFideId "12917737"]
[EventCountry "GER"]
[EventRounds "9"]
[EventType "swiss"]
[EventDate "2016.05.14"]

1. d4 f5 2. c4 Nf6 3. g3 g6 4. Bg2 Bg7 5. Nf3 d6 6. Nc3 O-O 7. O-O c6 8. Qc2
Nbd7 9. Rd1 Re8 10. d5 Qc7 11. Nd4 cxd5 12. cxd5 Nf8 13. Ndb5 Qb8 14. Bf4 Bd7
15. Nd4 Qc8 16. Rac1 a6 17. Qb3 Qb8 18. a4 Qa7 19. Be3 Qb8 20. h3 Kh8 21. a5
Rc8 22. Na4 Rxc1 23. Rxc1 Qe8 24. Nb6 Rb8 25. Rc7 Qd8 26. Nxd7 N6xd7 27. Rxb7
Rxb7 28. Qxb7 Qxa5 29. Ne6 Qa1+ 30. Bf1 Qxb2 31. Qxa6 Nxe6 32. dxe6 Nf8 33. Bg5
Bf6 34. Qc8 Kg8 35. Qe8 Bg7 36. Bxe7 1-0

[Event "DEM U18w 2016"]
[Site "Willingen GER"]
[Date "2016.05.16"]
[Round "3"]
[White "Koch, Elisabeth"]
[Black "Cejda, Cecilia"]
[Result "1-0"]
[Termination "normal"]
[Board "9"]
[WhiteElo "1705"]
[BlackElo "1635"]
[PlyCount "75"]
[WhiteFideId "24695068"]
[BlackFideId "12921122"]
[EventCountry "GER"]
[EventRounds "9"]
[EventType "swiss"]
[EventDate "2016.05.14"]

1. e4 c5 2. Nf3 d6 3. Bc4 a6 4. d3 b5 5. Bb3 Bb7 6. Nbd2 Nf6 7. Qe2 Nc6 8. c3
e6 9. Nf1 Be7 10. Ng3 Rc8 11. O-O O-O 12. Ng5 Qd7 13. f4 d5 14. e5 Ne8 15. f5
Bxg5 16. Bxg5 exf5 17. Nxf5 f6 18. e6 Qc7 19. e7 Rf7 20. Bxd5 Ne5 21. Bxf7+
Nxf7 22. Qe6 Qc6 23. Qxc6 Bxc6 24. Bf4 Bd7 25. Bg3 Rc6 26. Rae1 g6 27. Ne3 Be6
28. a3 Nfd6 29. d4 cxd4 30. cxd4 Bc4 31. Nxc4 Nxc4 32. d5 Rb6 33. b3 Nd2 34.
Rf2 Nxb3 35. d6 Rb7 36. Rc2 Kf7 37. Rc7 Nxc7 38. dxc7 1-0

[Event "DEM U18w 2016"]
[Site "Willingen GER"]
[Date "2016.05.16"]
[Round "3"]
[White "Shirov-Michna, Masza"]
[Black "Eggert, Daniela"]
[Result "0-1"]
[Termination "normal"]
[Board "10"]
[WhiteElo "1320"]
[BlackElo "1688"]
[PlyCount "98"]
[WhiteFideId "12921998"]
[BlackFideId "12991490"]
[EventCountry "GER"]
[EventRounds "9"]
[EventType "swiss"]
[EventDate "2016.05.14"]

1. f4 d5 2. Nf3 g6 3. g3 Bg7 4. Bg2 Nf6 5. O-O c5 6. c3 Nc6 7. d3 O-O 8. Na3
Rb8 9. Nc2 Re8 10. a4 Bf5 11. h3 Qb6 12. Kh2 c4 13. Ne5 cxd3 14. exd3 Red8 15.
Nxc6 bxc6 16. Nd4 Bd7 17. Re1 c5 18. Nc2 e6 19. d4 cxd4 20. Nxd4 Ne8 21. a5 Qc7
22. Qc2 Bxd4 23. Qd1 Bg7 24. h4 Nd6 25. h5 Nc4 26. b4 Bxc3 27. hxg6 hxg6 28.
Rb1 Bxe1 29. Qxe1 Nd6 30. g4 Bb5 31. Kg3 Ne4+ 32. Bxe4 dxe4 33. Rb3 Rd3+ 34.
Rxd3 exd3 35. Bb2 Qe7 36. Qh1 f6 37. g5 Qh7 38. Qe4 Qf7 39. Bxf6 Rb7 40. Qh1
Qh7 41. Qe4 Qf7 42. Qh1 Kf8 43. Qh6+ Ke8 44. Qh8+ Qf8 45. Qh1 Rd7 46. Qe4 Kf7
47. Qe5 d2 48. Bh8 d1=Q 49. Qf6+ Ke8 0-1

[Event "DEM U18w 2016"]
[Site "Willingen GER"]
[Date "2016.05.16"]
[Round "3"]
[White "Bork, Sophie"]
[Black "Döpper, Anna Bérénice"]
[Result "1-0"]
[Termination "normal"]
[Board "11"]
[WhiteElo "1735"]
[BlackElo "1821"]
[PlyCount "47"]
[WhiteFideId "12905429"]
[BlackFideId "1271853"]
[EventCountry "GER"]
[EventRounds "9"]
[EventType "swiss"]
[EventDate "2016.05.14"]

1. e4 e6 2. d4 d5 3. Nd2 Nf6 4. e5 Nfd7 5. Bd3 c5 6. c3 b5 7. Nh3 Qb6 8. Qg4
cxd4 9. cxd4 Nc6 10. Nf3 g6 11. O-O Bg7 12. Nhg5 Ne7 13. Nh4 Nf5 14. Nxf5 exf5
15. Qh4 h6 16. Nf3 g5 17. Qh5 Nf8 18. h4 g4 19. Nh2 a6 20. Bxf5 Qxd4 21. Nxg4
Bxf5 22. Qxf5 Nd7 23. e6 Nf6 24. exf7+ 1-0

[Event "DEM U18w 2016"]
[Site "Willingen GER"]
[Date "2016.05.16"]
[Round "3"]
[White "Rösler, Hannah"]
[Black "Klenk, Sofie"]
[Result "0-1"]
[Termination "normal"]
[Board "12"]
[WhiteElo "1400"]
[BlackElo "1810"]
[PlyCount "58"]
[WhiteFideId "12983500"]
[BlackFideId "12996653"]
[EventCountry "GER"]
[EventRounds "9"]
[EventType "swiss"]
[EventDate "2016.05.14"]

1. e4 c5 2. d4 cxd4 3. c3 dxc3 4. Nxc3 Nc6 5. Nf3 d6 6. Bc4 a6 7. O-O Nf6 8. e5
dxe5 9. Qxd8+ Nxd8 10. Nxe5 Be6 11. Be2 g6 12. Rd1 Bg7 13. Bf4 O-O 14. Bf3 Rc8
15. Rac1 Nc6 16. Nxc6 bxc6 17. b3 Rfd8 18. Bxc6 Nh5 19. Rxd8+ Rxd8 20. Ne2 Nxf4
21. Nxf4 Bf5 22. Bb7 Bh6 23. g3 e5 24. Nxg6 hxg6 25. Rc5 Bh3 26. Bf3 e4 27. Be2
Rd2 28. Bf1 Rd1 29. f4 Rxf1# 0-1

[Event "DEM U18w 2016"]
[Site "Willingen GER"]
[Date "2016.05.16"]
[Round "3"]
[White "Krastina, Alma"]
[Black "Holschuh, Paulina"]
[Result "1-0"]
[Termination "normal"]
[Board "13"]
[WhiteElo "1631"]
[BlackElo "1042"]
[PlyCount "47"]
[WhiteFideId "16222105"]
[BlackFideId "16208552"]
[EventCountry "GER"]
[EventRounds "9"]
[EventType "swiss"]
[EventDate "2016.05.14"]

1. e4 e5 2. Nf3 Nc6 3. d4 Bd6 4. Bc4 Nf6 5. Nc3 O-O 6. O-O b6 7. Bg5 exd4 8.
Nxd4 Nxd4 9. Qxd4 Be7 10. Bf4 c6 11. Rad1 Bc5 12. Qd2 Re8 13. Rfe1 Ng4 14. Be3
Bxe3 15. fxe3 Qc7 16. g3 c5 17. Qd5 Ne5 18. Qxa8 Nxc4 19. b3 Ne5 20. Rf1 Ng4
21. Nd5 Qd8 22. Rf4 d6 23. Qxa7 b5 24. Rxf7 1-0

[Event "DEM U18w 2016"]
[Site "Willingen GER"]
[Date "2016.05.17"]
[Round "4"]
[White "Rosmait, Emily"]
[Black "Böhm, Jana"]
[Result "1/2-1/2"]
[Termination "normal"]
[Board "1"]
[WhiteElo "1915"]
[BlackElo "1927"]
[WhiteClock "00:15:55"]
[BlackClock "00:32:50"]
[PlyCount "43"]
[WhiteFideId "12937754"]
[BlackFideId "24661589"]
[EventCountry "GER"]
[EventRounds "9"]
[EventType "swiss"]
[EventDate "2016.05.14"]

1. e4 e6 2. d4 d5 3. Nd2 Nc6 4. c3 e5 5. dxe5 dxe4 6. Qe2 Qd5 7. Qxe4 Qxe4+ 8.
Nxe4 Nxe5 9. Bf4 f6 10. Bxe5 fxe5 11. Bc4 Nf6 12. Ng5 Bc5 13. N1f3 Rf8 14. O-O
h6 15. Ne6 Bxe6 16. Bxe6 Ke7 17. Bb3 Ng4 18. Rae1 Kd6 19. Rd1+ Kc6 20. h3 Nxf2
21. Rxf2 Kb6 22. Re1 1/2-1/2

[Event "DEM U18w 2016"]
[Site "Willingen GER"]
[Date "2016.05.17"]
[Round "4"]
[White "Wiesner, Paula"]
[Black "Morio, Estelle"]
[Result "0-1"]
[Termination "normal"]
[Board "2"]
[WhiteElo "2116"]
[BlackElo "1801"]
[WhiteClock "00:36:05"]
[BlackClock "00:36:36"]
[PlyCount "46"]
[WhiteFideId "24654019"]
[BlackFideId "12951951"]
[EventCountry "GER"]
[EventRounds "9"]
[EventType "swiss"]
[EventDate "2016.05.14"]

1. e4 d6 2. d4 Nf6 3. Nc3 Nbd7 4. f4 e5 5. Nf3 c6 6. Be3 Qc7 7. Qd2 Be7 8.
O-O-O O-O 9. h3 b5 10. Bd3 Re8 11. g4 Bf8 12. g5 Nh5 13. f5 Bb7 14. Rhg1 g6 15.
Rdf1 exd4 16. Nxd4 Ng7 17. Qf2 Ne5 18. h4 b4 19. Nd1 c5 20. f6 Nxd3+ 21. cxd3
cxd4+ 22. Kb1 dxe3 23. Nxe3 Ne6 0-1